Traumatología forense (Registro nro. 2219)

Detalles MARC
000 -Cabecera
Campo de control de longitud fija 00959aam a2200349 4500
005 - Fecha y hora de la última transacción
Campo de control 20250626145106.0
008 - Elementos de longitud fija--Información general
Campo de control de longitud fija 150522b2009 xxu||||| |||| 00| 0 spa d
020 ## - International Standard Book Number
Número Internacional Estándar del Libro (ISBN) 9786071701060
041 ## - Idioma
Código de idioma Español
082 ## - Clasificación Decimal Dewey
Número de clasificación 614.1 V297tr
100 ## - Entrada principal--Autor personal
Nombre personal Vargas Alvarado, Eduardo
9 (RLIN) 16114
245 ## - Título propiamente dicho
Título Traumatología forense
260 ## - Pie de imprenta
Lugar de publicación, distribución, etc. México
260 ## - Pie de imprenta
Nombre del editor, distribuidor, etc. Trillas
260 ## - Pie de imprenta
Fecha de publicación, distribución, etc. 2009
300 ## - Descripción física
Extensión 352 páginas
490 ## - Serie
Título de la Serie Investigación Criminal
650 ## - Materia general
Temática (materia general) TRAUMATOLOGÍA FORENSE
650 ## - Materia general
Temática (materia general) MEDICINA LEGAL
650 ## - Materia general
Temática (materia general) LESIONES
650 ## - Materia general
Temática (materia general) CONTUSIONES
650 ## - Materia general
Temática (materia general) CONTUSIONES CRANEOCEFÁLICAS
650 ## - Materia general
Temática (materia general) ACCIDENTES DE TRÁNSITO
650 ## - Materia general
Temática (materia general) ACCIDENTES DE TRÁNSITO AÉREO
650 ## - Materia general
Temática (materia general) ASFIXIAS MECÁNICAS
650 ## - Materia general
Temática (materia general) HERIDAS POR ARMA BLANCA
650 ## - Materia general
Temática (materia general) HERIDAS POR ARMAS DE FUEGO
650 ## - Materia general
Temática (materia general) TRAUMAS ELÉCTRICOS
650 ## - Materia general
Temática (materia general) TRAUMA POR RADIACIÓN IONIZANTE
650 ## - Materia general
Temática (materia general) PRIVADO DE LIBERTAD
942 ## - Punto de acceso adicional KOHA
Tipo de ítem KOHA Libro
Fuente del sistema de clasificación o colocación Dewey Decimal Classification
Existencias
Signatura completa Código de barras Programa Académico Tipo de ítem
614.1 V297tr 15083 Investigación Criminal Libro
614.1 V297tr 15084 Investigación Criminal Libro